Ozzy Osbourne Albums on the Billboard 200 Charts (USA) - Statistics

General Stats
  • This quiz has been taken 37 times
    16 since last reset
  • The average score is 10 of 23
Answer Stats
Peak Chart Position, Year Answer % Correct
7, 1991 No More Tears
100%
19, 1984 Bark at the Moon
89%
21, 1981 Blizzard of Oz
89%
3, 2007 Black Rain
78%
16, 1981 Diary of a Madman
78%
3, 2020 Ordinary Man
78%
4, 2010 Scream
78%
13, 1988 No Rest For the Wicked
67%
6, 1986 The Ultimate Sin
67%
4, 1995 Ozzmosis
56%
2, 2022 Patient Number 9
56%
4, 2001 Down to Earth
44%
22, 1993 Live & Loud
33%
14, 1983 Speak of the Devil
22%
58, 1990, (EP) Just Say Ozzy
11%
70, 2002 Live at Budokan
11%
13, 1997 The Ozzman Cometh
11%
90, 2014 Memoirs of a Madman
0%
120, 1982 (EP) Mr Crowley
0%
36, 2005 Prince of Darkness
0%
163, 1990 Ten Commandments
0%
81, 2003 The Essential Ozzy Osbourne
0%
134, 2005 Under Covers
0%
No matching quizzes found
Score Distribution
Percent of People with Each Score
Percentile by Number Answered
Your Score History
You have not taken this quiz since the last reset